| 000 | 01433nam a2200361 a 4500 | ||
|---|---|---|---|
| 001 | ebr10188774 | ||
| 003 | CaPaEBR | ||
| 006 | m u | ||
| 007 | cr cn||||||||| | ||
| 008 | 061101s2007 njua sb 011 0 eng | ||
| 010 | _z 2006052555 | ||
| 020 | _z9812569499 | ||
| 020 | _z9789812569493 | ||
| 040 |
_aCaPaEBR _cCaPaEBR |
||
| 035 | _a(OCoLC)317384465 | ||
| 050 | 1 | 4 |
_aHG4026 _b.R366 2007eb |
| 082 | 0 | 4 |
_a338.6/04101 _222 |
| 100 | 1 | _aRao, Ramesh K. S. | |
| 245 | 1 | 2 |
_aA theory of the firm's cost of capital _h[electronic resource] : _bhow debt affects the firm's risk, value, tax rate, and the government's tax claim / _cRamesh K.S. Rao, Eric C. Stevens. |
| 260 |
_aHackensack, NJ : _bWorld Scientific, _cc2007. |
||
| 300 |
_axiv, 88 p. : _bill. |
||
| 504 | _aIncludes bibliographical references (p. 85-88) and index. | ||
| 533 |
_aElectronic reproduction. _bPalo Alto, Calif. : _cebrary, _d2013. _nAvailable via World Wide Web. _nAccess may be limited to ebrary affiliated libraries. |
||
| 650 | 0 |
_aCorporations _xFinance. |
|
| 650 | 0 | _aCapital costs. | |
| 650 | 0 | _aCorporate debt. | |
| 650 | 0 | _aCapital assets pricing model. | |
| 650 | 0 | _aFinancial leverage. | |
| 655 | 7 |
_aElectronic books. _2local |
|
| 700 | 1 |
_aStevens, Eric C., _d1962- |
|
| 710 | 2 | _aebrary, Inc. | |
| 856 | 4 | 0 |
_uhttp://site.ebrary.com/lib/rucke/Doc?id=10188774 _zAn electronic book accessible through the World Wide Web; click to view |
| 999 |
_c149107 _d149107 |
||